| 000 | 00901nam a2200193 a 4500 | ||
|---|---|---|---|
| 008 | 140128s2013 ||||||||||||||||| || u | ||
| 050 | _aTHESIS/KAF | ||
| 100 | _aKafwifwi, Ackson | ||
| 245 | 1 | 4 |
_aThe impact of community based natural resources management on livelihoods in game management areas _cby Ackson Kafwifwi |
| 260 |
_aKitwe: _bCopperbelt University _c2013 |
||
| 300 | _axiii, 96p.: ill. | ||
| 362 | 1 | _a<p>Msc. Natural Resources Management (Msc. NRM)</p> | |
| 500 | _aBibliography | ||
| 650 | _aCOMMUNITY BASED NATURAL RESOURCES MANAGEMENT--GAME MANAGEMENT AREAS--EFFECTS | ||
| 650 | _aNATURAL RESOURCES ECONOMICS | ||
| 650 | _aNATURAL RESOURCE MANAGEMENT--ZAMBIA | ||
| 650 | _aCOMMUNITY BASED NATURAL RESOURCE MANAGEMENT--ZAMBIA --IMPACT OF- | ||
| 995 |
_FCBU-MAIN LIBRARY (Kitwe) _M1 _UAVAILABLE _WJan 28, 2014 _ZUniversity Collection |
||
| 999 |
_c46238 _d46238 |
||